000 00384nam a2200157Ia 4500
008 221030s9999 xx 000 0 und d
020 _a1403922535
041 _aEnglish
082 _a105.23
_bBan
100 _aU. K. Banerjee
245 0 _aPractical Management Information System
260 _bMacmillan
_aNew Delhi
_c2004
300 _a347
650 _aMBA Computers
942 _cBK
999 _c2391
_d2391